00235nam a22000977a 4500082002100000245004900021260004100070300001000111563000800121650000800129 a347.409549 bCON aThe Contract Act, (IX of 1872):bbook no.8 / aKarachi :bPakistan Law House,cN.A. a75 p. aPB. aLaw